Úpravy hodnôt majetku a záväzkov v účtovníctve diplomová práca

Salvato in:
Dettagli Bibliografici
Autore principale: Iványová, Tímea
Ente Autore: Fakulta hospodárskej informatiky EU. Katedra účtovníctva a audítorstva
Altri autori: Szászová, Renáta
Natura: Libro
Lingua:slovacco
Pubblicazione: Bratislava 2015
Tags: Aggiungi Tag
Nessun Tag, puoi essere il primo ad aggiungerne!!

MARC

LEADER 00000nbm a2200000 4500
001 0203521
005 20161212112801.0
041 0 |a slo 
044 |a SK 
245 1 0 |a Úpravy hodnôt majetku a záväzkov v účtovníctve  |b diplomová práca  |c Tímea Iványová ; školiteľ: Renáta Szászová 
264 1 |a Bratislava  |c 2015 
300 |a 65 s. 
100 1 |a Iványová, Tímea 
700 1 |a Szászová, Renáta 
710 2 |a Fakulta hospodárskej informatiky EU. Katedra účtovníctva a audítorstva